header

Irenaeus of Lyons (Record no. 1706)

MARC details
000 -LEADER
fixed length control field 01289nam a2200337 a 4500
082 04 - DEWEY DECIMAL CLASSIFICATION NUMBER
Classification number 270.1/092
-- B
100 1# - MAIN ENTRY--AUTHOR NAME
Personal name Grant, Robert M.
245 10 - TITLE STATEMENT
Title Irenaeus of Lyons
260 ## - PUBLICATION, DISTRIBUTION, ETC. (IMPRINT)
Place of publication London ;
-- New York :
Name of publisher Routledge,
Year of publication 1997.
300 ## - PHYSICAL DESCRIPTION
Number of Pages 214 p.
490 1# - SERIES STATEMENT
Series statement The early church fathers
650 #0 - SUBJECT ADDED ENTRY--TOPICAL TERM
Topical Term Christian saints
856 40 - ELECTRONIC LOCATION AND ACCESS
Uniform Resource Identifier http://site.ebrary.com/lib/rucke/Doc?id=5002482

No items available.

© 2026 Rongo University
Contact us: librarian | system librarian | Rongo university